Vybrané programovacie jazyky použiteľné v aktuárstve a história ich vývoja (2. časť - jazyky R a Visual Basic)

Charakteristika jazyka R. Výhody a nevýhody jazyka R. Prečo si zvoliť jazyk R. Charaktesristika Visual Basic. Prečo si zvoliť jazyk Visual Basic. Ďalšie (u nás menej rozšírené) programovacie jazyky.

Saved in:
Bibliographic Details
Main Author: Simonka, Zsolt, 1974-
Other Authors: Strešňáková, Anna, 1976-
Format: Book Chapter
Language:Slovak
Subjects:
Tags: Add Tag
No Tags, Be the first to tag this record!

MARC

LEADER 00000nla a2200000 4500
001 0246773
005 20240502073947.1
041 0 |a slo 
044 |a SK 
245 1 0 |a Vybrané programovacie jazyky použiteľné v aktuárstve a história ich vývoja (2. časť - jazyky R a Visual Basic)  |c Zsolt Simonka, Anna Strešňáková 
520 |a Charakteristika jazyka R. Výhody a nevýhody jazyka R. Prečo si zvoliť jazyk R. Charaktesristika Visual Basic. Prečo si zvoliť jazyk Visual Basic. Ďalšie (u nás menej rozšírené) programovacie jazyky. 
610 2 0 |a programovanie 
610 2 0 |a jazyky programovacie 
610 2 0 |a technológie informačné 
610 2 0 |a technológie komunikačné 
610 2 0 |a matematika poistná 
100 1 |a Simonka, Zsolt, 1974- 
700 1 |a Strešňáková, Anna, 1976-